000 02001cam a22001934a 4500
005 20250605164204.0
008 250528s ||||||||||||||||||||||||d
035 _a19842
040 _aGR-AtMCL
_bgre
_dGR-AtMCL
_eAACR2
245 1 _aΕσωτερική Παθολογία / Δέκατη Έκδοση.
_nΤόμος Β'
250 _a10η
260 _bΓρηγόριος Κ. Παρισιάνος,
_c1986
300 _a2234
520 _aΔιαταραχές Προκαλούμενες από Βιολογικούς και Περιβαλλοντικούς Παράγοντες, Ενδιαφέρουσες Θεωρήσεις σε Λοιμώδεις Νόσους, Λοιμώξεις από Gram Θετικούς Κόκκους, Νόσοι Προκαλούμενες από Gram Αρνητικούς Κόκκους, Νόσοι Προκαλούμενες από Εντερικούς Gram Αρνητικούς Βακίλλους, Άλλες Αερόβιες Βακτηριακές Λοιμώξεις, Νόσοι Προκαλούμενες από Αναερόβια Βακτηρίδια, Νόσοι από Σπειροχαίτες, Λοιμώξεις από Ρικέτσιες, Ιογενείς Νόσοι, Λοιμώξεις από Έλμινθες και Πρωτόζωα, Νόσοι Προκαλούμενες από Δαγκώματα και Κεντρίσματα, Νόσοι Αβέβαιης Αιτιολογίας, Νόσοι που Οφείλονται σε Περιβαλλοντικούς Κινδύνους και σε Φυσικούς και Χημικούς Παράγοντες, Νόσοι των Οργανικών Συστημάτων, Διαταραχές της Καρδιάς, Παθήσεις του Αγγειακού Συστήματος, Νόσοι του Αναπνευστικού Συστήματος, Νόσοι των Νεφρών και της Οθροποιητικής Οδού.
700 1 _aHarrison T. R
_96003
942 _cBK
999 _c5088
_d5088